Open Data Biblioteca Nacional de Portugal


República Portuguesa: Ministério da Cultura
Biblioteca Nacional de Portugal

Catálogo da BNP: acesso por Identificadores Unívocos
Registos Bibliográficos associados ao registo de autoridade

Etiqueta de registo: 00532cam 22002051 450
001 744413
003 http://id.bnportugal.gov.pt/bib/catbnp/744413
005 19991122132000.0
095 ## $aPTBN00531678
100 ## $a19930525d1599 k y0pory0103 ba
101 0# $aita
102 ## $aIT$bVeneza
200 1# $aIdea del giardino del mondo
210 #9 $aIn Venetia$cappresso il Griffio,$d1599
215 ## $d
300 ## $aNUC NT 262633
700 #1 $aTomai,$bTommaso,$f?-1593$31108868
702 #1 $aGriffio,$bAlessandro,$ffl. 1578-1585$4610$3531704
801 #0 $aPT$bBN$gRPC
966 ## $lBN$mFGMON$sS.A. 4657 P.
997 ## $aBIBEOD
998 ## $aCR917-364

Etiqueta de registo: 00642cam 22002291 450
001 404965
003 http://id.bnportugal.gov.pt/bib/catbnp/404965
005 19981231000000.0
095 ## $aPTBN00433275
100 ## $a19910215d1581 k y0pory0103 ba
101 0# $alat
102 ## $aIT
105 ## $ay z 000yy
106 ## $ar
200 1# $aEmmanuelis Aluari e Societate Iesu, De institutione grammatica libri tres
210 #9 $aVenetiis$capud Alexandrum Gryffium,$d1581$eVenetiis :$gapud Alexandrum Gryphium,$h1581)
215 ## $a526, [2] p.$d4º (22 cm)
306 ## $aMarca de impressor na p. de tít.
317 ## $aPert. na contracapa: «BIBLIOTECA RICCARDI in Modena» (etiqueta)$5PTBN: RES. 2354 V.
321 1# $aCensimento A 1200
620 ## $dVeneza
700 #1 $aÁlvares,$bManuel,$f1526-1583,$cS.J.$3151948
702 #1 $aGriffio,$bAlessandro,$ffl. 1578-1585$4610$3531704
712 02 $aBiblioteca Riccardi$4390$31553158
801 #0 $aPT$bBN$gRPC
966 ## $lBN$mMICROF$nMicrofilme$sF. 7153
966 ## $lBN$mRESIMP$sRES. 2354 V.
997 ## $aBIBEOD
998 ## $aCR913-74

Etiqueta de registo: 00639cam 22002051 450
001 405007
003 http://id.bnportugal.gov.pt/bib/catbnp/405007
005 19981231000000.0
095 ## $aPTBN00433316
100 ## $a19910222d1588 k y0pory0103 ba
101 0# $alat
102 ## $aIT$bVeneza
200 1# $aFlores theologicarum quaestionum in Secundum Librum Sententiarum... Pars prima [-secunda]
210 #9 $aVenetiis$capud haeredes Alessandri Gryphij,$d1588
215 ## $d2 partes em 1 vol.$d
300 ## $aCensimento A 1694
700 #1 $aAnglés,$bJosé,$ffl. 15--,$cO.F.M.$34187
702 #1 $aGriffio,$bAlessandro,$ffl. 1578-1585$4610$3531704
801 #0 $aPT$bBN$gRPC
966 ## $lBN$mFGMON$sR. 19817 P.
997 ## $aBIBEOD
998 ## $aCR913-112

Etiqueta de registo: 00254nam 2200025 450
001 1922220
003 http://id.bnportugal.gov.pt/bib/catbnp/1922220
100 ## $a20160219d1581 m y0pory01030103ba
101 0# $alat
102 ## $aIT
105 ## $ay z 000yy
106 ## $ar
200 1# $aPandectarum seu Digestum vetus iuris ciuilis, tomus primus [-tertius]. Cum Pandectis Florentinis, quae olim Pisanae dicebantur, diligentissimè collatus, lectionum varietatibus, quibus à Florentinis discrepabat (communem enim lectionem retinere maluimus) in margine ritè collocatis, commentarijs Accursii, & multorum insuper aliorum iurisconsultorum tam veterum, quàm neotericorum, praecipue autem Antonii Persii... illustratus
210 #9 $aVenetiis$cAlexander Gryphius, sumtibus Societatis aquilae se renouantis, excudebat,$d1581
215 ## $a3 vol.$cil.$d2º (25 cm)
304 ## $aNome do impressor retirado do colofão
305 ## $aEditio postrema
306 ## $aMarca de impressor na p. de tít.
307 ## $ap. de tít. impressa a vermelho e preto
316 ## $aEncadernacões da época em pelo sobre pastas de madeira e vestígios de fechos, em mau estado de conservação e com falta de algumas pastas$5PTBN: RES. 2935-2937 V.
327 1# $aVol. 1: [176], 1509, [3] p$aVol. 2: Pandectarum seu Digestorum iuris ciuilis, quibus iurisprudentia ex veteribus iureconsultis desumpta, libris. - Venetiis : Petrus Deuchinus, sumptibus Societatis Aquilae se renouantis, excudebat, 1581. - [64], 1388, [4] p$aVol. 3: Pandectarum seu Digestorum iuris ciuilis, Quibus iurisprudentia ex veteribus iurisconsultis desumpta, libris L continetur. Tomus tertius. Quod Digestum nouum vulgò appellant... - Venetiis : [Alexander Gryphius], 1581 (Venetiis, 1580). - [88], 1326, [2] p.
620 ## $dVeneza
702 #1 $aGriffio,$bAlessandro,$ffl. 1578-1585$4610$3531704
702 #1 $aDeuchino,$bPietro,$ffl. 1570-1588$4610$31635248
801 #0 $aPT$bBN$gRPC
966 ## $dV. 1$lBN$mRESIMP$sRES. 2935 V.
966 ## $dV. 2$lBN$mRESIMP$sRES. 2936 V.
966 ## $dV. 3$lBN$mRESIMP$sRES. 2937 V.
997 ## $aBIBEOD

Etiqueta de registo: 00254nam 2200025 450
001 2285613
003 http://id.bnportugal.gov.pt/bib/catbnp/2285613
100 ## $a20260430d1580 m y0pory01030103ba
101 0# $alat
102 ## $aIT
105 ## $ay z 000yy
106 ## $ar
200 1# $aF. Ioan. Duns Scoti, Ordinis Minorum, Theologorum Omnium Eminentissimi... Quaestiones Quatuor Voluminum scripti Oxoniensis super Sententias$fa R. P. Saluatore Bartolucio Assisiate... fidelissime recognitae,... nunc redditae; nec non... aucte, locupletate, & exornatae$gsuperadditae sunt Resolutiones Doct. à R. P. Melchiore Flauio illustratae$ecum Syllabo copiosissimo in libello scorsum edito, & Apologia contra scotomastigas
210 #9 $aVenetiis$capud haeredes Melchioris Sessae,$d1580
215 ## $a4 v. em 10 tomos$d
303 ## $aDescrição geral da obra segundo bibliogr.
303 ## $aTomos 1, 3, 5 e 7: Quaestiones... ; tomos 2, 4, 6 e 8: Resolutiones in primum [-quartum] librum Sententiarum; tomo 9: Syllabus generalis; tomo 10: Quaestiones quolibetales ex quatuor voluminibus scripti Oxoniensis super Sententias
306 ## $aCada tomo com variantes no pé de imprensa do cólofon
307 ## $aTexto impresso a 2 colns.
316 ## $aColeção a que faltam os t. 9 e 10$5PTBN: R. 1830-1832 P.
317 ## $aPert. na f. de rosto de cada tomo: "Da Livraria de S. Frco. de Xabregas" (carimbo)$5PTBN: R. 1830-1832 P.
321 ## $aEDIT16 CNCE 17876
321 ## $aICCU IT\ICCU\UM1E\003062
327 11 $a[T. 1]: Quaestiones Quatuor Voluminum scripti Oxoniensis super Sententias... - [16], 798, [10] p. - Assin.: a//8, A-Ddd//8, Eee//4 ; [T. 2]: Resolutiones in primum librum sententiarum, Fr. Ioan. Duns Scoti... - Venetiis : apud haeredes Melchioris Sessae, 1580 (Venetiis : apud Ioannem Baptistam Sessam & fratres, 1580). - 104, [8] p. - Assin.: A-G//8 ; [T. 3]: Quaestiones secundi voluminis scripti Oxoniensis super Sententias... - Venetiis : apud haeredes Melchioris Sessae, 1580 (Venetiis : Alexander Gryphius excudebat : sumptibus haeredum Melchioris Sessae, 1580). - 482, [6] p. - Assin.: A-Gg//8, Hh//4 ; [T. 4]: Resolutiones in secundum lib. sententiarum fr. Ioan. Duns Scoti... - Venetiis : apud haeredes Melchioris Sessae, 1580 (Venetiis : apud haeredes Melchioris Sessae, 1580). - 64, [8] p. - Assin.: A-D//8, E//4 ; [T. 5]: Quaestiones tertij voluminis scripti Oxoniensis super Sententias... - Venetiis : apud haeredes Melchioris Sessae, 1580 (Venetiis : Alexander Gryphius excudebat : sumptibus haeredum Melchioris Sessae, 1580). - 360, [8] p. - Assin.: A-Z//8 ; [T. 6]: Resolutiones in tertium lib. sententiarum, fr Ioan. Duns Scoti... - Venetiis : apud haeredes Melchioris Sessae, 1580 (Venetiis : apud haeredes Melchioris Sessa, 1580). - 74, [6] p. - Assin.: A-E//8 ; [T. 7]: Quaestiones quarti voluminis scripti Oxoniensis super Sententias... - Venetiis : apud haeredes Melchioris Sessae, 1580 (Venetiis : Alexander Gryphius excudebat : sumptibus haeredum Melchioris Sessae, 1580). - 883, [13] p. - Assin.: A-Kkk//8 ; [T. 8]: Resolutiones in quartum lib. sententiarum, Fr. Ioan. Duns Scoti... - Venetiis : apud haeredes Melchioris Sessae, 1580 (Venetiis : apud haeredes Melchioris Sessae, 1580). - 168, [8] p. - Assin.: A-L//8 ; [T. 9]: Syllabus generalis in quatuor volum. scripti Oxoniensis super Sententias... - Venetiis : apud haeredes Melchioris Sessae, 1580. - 72 f. - Assin.: a-i//8 ; [T. 10]: Quaestiones quolibetales ex quatuor voluminibus scripti Oxoniensis super Sententias... - Venetiis : apud haeredes Melchioris Sessae, 1580 (Venetiis : Alexander Gryphius excudebat, sumptibus haeredum Melchioris Sessae, 1580). - [48], 325, [3] p. - Assin.: *-***//8, A-V//8, X//4
500 10 $aQuaestiones quatuor voluminum scripti Oxoniensis super Sententias
620 ## $dVeneza
700 #1 $aDuns Scotus,$bJohannes,$f1266-1308,$cO.F.M.$323082
702 #1 $aBartolucci,$bSalvatore,$f15---1603,$cO.F.M.$4340$31997431
702 #1 $aFlavin,$bMelchior de,$f15---1580$4340$31997432
702 #1 $aSessa,$bMelchiorre,$cHerdeiros,$f1568-1601$4610$3531895
702 #1 $aGriffio,$bAlessandro,$ffl. 1578-1585$4610$3531704
712 01 $aSessa,$bGiovanni Battista e Melchior, $f1546-1565$4610$31320407
712 02 $aOrdem dos Frades Menores.$bConvento de São Francisco de Xabregas$c(Lisboa)$4390$3470918
801 #0 $aPT$bBN$gRPC
856 40 $2Cópia digital do t. 1 disponível em Google Books$uhttps://books.google.it/books?id=UlkSr1Hak8EC&hl=pt-PT&pg=PP7#v=onepage&q&f=false
856 40 $2Cópia digital do t. 2 disponível em Google Books$uhttps://books.google.it/books?id=fggnVWm7F9kC&hl=pt-PT&pg=PA1#v=onepage&q&f=false
856 40 $2Cópia digital do t. 3 disponível em Google Books$uhttps://books.google.it/books?id=8lyuVKg2vKsC&hl=pt-PT&pg=PA1#v=onepage&q&f=false
856 40 $2Cópia digital do t. 4 disponível em Google Books$uhttps://books.google.it/books?id=fXzJXTe_ym4C&hl=pt-PT&pg=PA1#v=onepage&q&f=false
856 40 $2Cópia digital do t. 5 disponível em Google Books$uhttps://books.google.it/books?id=O2CDIixULjMC&hl=pt-PT&pg=PA1#v=onepage&q&f=false
856 40 $2Cópia digital do t. 6 disponível em Google Books$uhttps://books.google.it/books?id=j_8e8uAp2pIC&hl=pt-PT&pg=PA1#v=onepage&q&f=false
856 40 $2Cópia digital do t. 7 disponível em Google Books$uhttps://books.google.it/books?id=JH_2PQq6xY4C&hl=pt-PT&pg=PA1#v=onepage&q&f=false
856 40 $2Cópia digital do t. 8 disponível em Google Books$uhttps://books.google.it/books?id=iAUedmTz9qoC&hl=pt-PT&pg=PA1#v=onepage&q&f=false
856 40 $2Cópia digital do t. 9 disponível em Google Books$uhttps://books.google.pt/books?id=eKu0jEQRc4YC&hl=pt-PT&pg=PA1#v=onepage&q&f=false
966 ## $lBN$mFGMON$sR. 1830 P.
966 ## $lBN$mFGMON$sR. 1831 P.
966 ## $lBN$mFGMON$sR. 1832 P.
971 ## $cpmesqui$d20260430
997 ## $aBIBEOD

OpendataBNP@bnportugal.pt | Mais informação sobre acesso aos dados BNP